| 000 | 00682nam a22002057a 4500 | ||
|---|---|---|---|
| 003 | OSt | ||
| 005 | 20260317035932.0 | ||
| 008 | 260317b |||||||| |||| 00| 0 eng d | ||
| 020 | _a978-0-545-30743-7 | ||
| 040 |
_aDWCL GS lib _cOC |
||
| 082 | _aS856c 2011 | ||
| 100 | _aSTILTON, GERONIMO | ||
| 245 |
_aCreepella von Cacklefur meet me in horrorwood _cGERONIMO STILTON |
||
| 260 |
_aNew York _bScholastic Inc _c2011 |
||
| 300 |
_a113 p _c19 cm |
||
| 520 | _aGorgo, the monster in Cacklefur Castle's moat, is in love with the famouse monster movie star Blobbina. | ||
| 650 | _athe Shivery News and lives in Mysterious Valley. | ||
| 700 | _aGERONIMO STILTON | ||
| 942 |
_2ddc _cFIC. _n0 |
||
| 999 |
_c9216 _d9216 |
||